| 000 | 00387 a2200157 4500 | ||
|---|---|---|---|
| 020 | _a9780470878934 | ||
| 024 | _a9780470878934 | ||
| 082 | _a332.6 | ||
| 090 |
_c6855 _d6855 |
||
| 100 | _aLogue,Ann C. | ||
| 245 |
_aEmerging Markets For Dummies. _cAnn C.Logue |
||
| 260 |
_aIndia _bWiley Publishing. _c2011. |
||
| 300 | _a334p. | ||
| 500 | _aPaper cover | ||
| 942 |
_aNBS _cBK _k332.6 LOG |
||
| 999 |
_c349194 _d349194 |
||